Central Library OPAC University of Rajshahi

Text book of Plant Pathology / (Record no. 37633)

MARC details
000 -LEADER
fixed length control field 00595nam a2200205 4500
001 - CONTROL NUMBER
control field 37633
003 - CONTROL NUMBER IDENTIFIER
rucl marc code BD-RjUL
005 - DATE AND TIME OF LATEST TRANSACTION
control field 20211209052629.0
008 - FIXED-LENGTH DATA ELEMENTS--GENERAL INFORMATION
fixed length control field 150204s1991 bg a|||| |||| 00| 0 eng d
035 ## - SYSTEM CONTROL NUMBER
System control number (BD-RjUL)37737
040 ## - CATALOGING SOURCE
Original cataloging agency BD-RjUL
Language of cataloging eng
Transcribing agency BD-RjUL
041 ## - LANGUAGE CODE
Language code of text/sound track or separate title eng
082 ## - DEWEY DECIMAL CLASSIFICATION NUMBER
Edition number 19
Classification number 581.205
Author mark and year AST 1991
100 ## - MAIN ENTRY--PERSONAL NAME
Personal name Ashrafuzzaman, Hasan.
9 (RLIN) 115711
245 ## - TITLE STATEMENT
Title Text book of Plant Pathology /
Statement of responsibility, etc. Hasan Ashrafuzzaman.
260 ## - PUBLICATION, DISTRIBUTION, ETC. (IMPRINT)
Place of publication, distribution, etc. Dhaka :
Name of publisher, distributor, etc. Bangladesh Agricultural research Council,
Date of publication, distribution, etc. c1991
300 ## - PHYSICAL DESCRIPTION
Pagination 607 p.:
Illustrations ill.;
Size 23 cm.
650 ## - SUBJECT ADDED ENTRY--TOPICAL TERM
Topical term or geographic name as entry element Plant diseases.
9 (RLIN) 115288
942 ## - ADDED ENTRY ELEMENTS (KOHA)
Source of classification or shelving scheme Dewey Decimal Classification
Koha item type Books
Holdings
Lost status Source of classification or shelving scheme Damaged status Not for loan Collection code Permanent Location Current Location Shelving location Date acquired Total Checkouts Full call number Date last seen Copy number Koha item type
  Dewey Decimal Classification   Not For Loan Non-fiction Institute of Biological Sciences (IBSc) Library Institute of Biological Sciences (IBSc) Library   04/02/2015   581.205 AST 1991 04/02/2015 C-1 Books